Wikipedia Infoboxes: Ottoman Empire - Statistics

General Stats
  • This quiz has been taken 29 times
    27 since last reset
  • The average score is 24 of 52
Answer Stats
Answer % Correct
Arabic
94%
Constantinople (Istanbul)
94%
Ottoman Turkish
94%
1299
88%
1299
88%
• {1299}–1323/4 (first)
88%
{1299}–1331
88%
1453–{1922}
82%
• 1918–{1922} (last)
82%
1920–{1922}
82%
• 1920–{1922} (last)
82%
1922
82%
• {1922}–1924 (last)
82%
1 November 1922
82%
29 October 1923
82%
Greek
82%
3 March 1924
76%
Osman I
65%
Persian
65%
29 May 1453
59%
Adrianople (Edirne)
59%
Bursa
59%
Mehmed VI
59%
pound
59%
1920
47%
Ottoman
47%
Selim I
47%
Sunni Islam
41%
23 January 1913
35%
1402
29%
1413
29%
Söğüt
29%
1908
24%
Abdulmejid II
24%
French
24%
1876
18%
1878
18%
Ahmet Tevfik Pasha
18%
Alaeddin Pasha
18%
Hanafi
18%
Nicaea (İznik)
18%
kuruş (piastre)
12%
Maturidi
12%
akçe
6%
Chagatai
6%
Chamber of Deputies
6%
Chamber of Notables
6%
دولت ابد مدت Devlet-i Ebed-müddet "The Eternal State"
6%
General Assembly
6%
para
6%
sultani
6%
Imperial Council
0%
No matching quizzes found
Score Distribution
Percent of People with Each Score
Percentile by Number Answered
Your Score History
You have not taken this quiz since the last reset